000 00790cam a2200229 4500
001 2600
005 20181127165339.0
008 980820s1999 cau b 001 0 eng
010 _a 98040128
020 _a0761961011 (cloth : alk. paper)
020 _a0761985115 (pbk. : acid-free paper)
043 _an-us---
100 1 _aRitzer, George.
245 1 0 _aEnchanting a disenchanted world :
_brevolutionizing the means of consumption /
_cGeorge Ritzer.
260 _aThousand Oaks, Calif. :
_bPine Forge Press,
_cc1999.
300 _axii, 258 p. ;
_c23 cm.
504 _aIncludes bibliographical references (p. 218-250) and index.
650 0 _aConsumption (Economics)
650 0 _aConsumption (Economics)
_zUnited States.
650 0 _aMarketing
_zUnited States.
650 0 _aMarketing.
999 _c2065
_d2065